| 000 | 01050nam a22003497a 4500 | ||
|---|---|---|---|
| 001 | 0000166 | ||
| 003 | KOHA_MİRAKIL | ||
| 005 | 20260207001201.0 | ||
| 007 | ta | ||
| 008 | 150629b2008 tu |||gr||||#||||0|tur | | ||
| 020 |
_a9786053951209 _c11,69 |
||
| 040 |
_aTR-BiSEU _btur _cTR-BiSEU _erda |
||
| 041 | 0 | _atur | |
| 044 | _ctu | ||
| 050 |
_aTP245 _b.I27 2008 |
||
| 100 | 1 | _aİbrahimoğlu, Beycan. | |
| 245 | 1 |
_aHidrojenli enerji üreteçleri/ _cBeycan İbrahimoğlu ; Beycan İbrahimoğlu. |
|
| 264 | 1 |
_aAnkara : _bNobel Yayıncılık _c2008 |
|
| 300 | _a194 sayfa | ||
| 336 |
_ametin _btxt _2rdacontent |
||
| 337 |
_aaracısız _bn _2rdamedia |
||
| 338 |
_acilt _bnc _2rdacarrier |
||
| 490 | 1 |
_aNobel yayın no ; _v1323. |
|
| 490 | 1 |
_aFen bilimleri ; _v76. |
|
| 650 | 0 |
_aHidrojen--Enerji teknolojileri. _91960 |
|
| 650 | 0 |
_aHydrogen--Industrial applications. _91961 |
|
| 650 | 0 |
_aHidrojen. _91962 |
|
| 650 | 0 |
_aHydrogen. _91963 |
|
| 830 | 1 |
_aNobel yayın no ; _v1323. _91940 |
|
| 830 | 1 |
_aFen bilimleri ; _v76. _91847 |
|
| 942 |
_2lcc _cBK |
||
| 999 |
_c167 _d167 |
||